00777nam a2200241Ia 450000100060000000300090000600800410001504000130005604000130006904100130008210000180009510000290011324500420014224500640018425000110024826000110025926000230027026000490029330000560034250000780039865000280047665000310050479502IT-RoPAU130308s9999 xx 000 0 und d aIT-RoPAU cIT-RoPAU aITALIANO aRositi Franco gCodice Aut. SPICS: 1879 aAnalisi dei dati della programmazione bSipario! - storia e modelli del Teatro Televisivo in Italia a1a ed. aTORINO bERI - Edizioni Rai c1989 [1° Ed.:1989 - Ed.Ling.Originale:1989] a"12 p. (prefazione: no ; testo: 12 [pagine: 9-20])" aAnacronismo del Teatro Televisivo? Comportamento delle reti Tabelle Varie aSAGGI SULLA TELEVISIONE eCodice materia Spics: 6961